[Event "7MCR_4D_1L_1S"]
[Site "?"]
[Date "2006.??.??"]
[Round "?"]
[White "Pytlik, Lesek"]
[Black "Mateka, Petr"]
[Result "0-1"]
[WhiteElo "2387"]
[BlackElo "2202"]
[PlyCount "146"]
[EventDate "2006.??.??"]
[EventType "corr"]

1. e4 e5 2. Nf3 Nc6 3. d4 exd4 4. Nxd4 Bc5 5. Be3 Qf6 6. c3 Nge7 7. Bc4 Ne5 8.
Be2 Qg6 9. O-O d6 10. f4 Qxe4 11. Bf2 Bxd4 12. cxd4 N5g6 13. Nc3 Qxf4 14. Nb5
O-O 15. Nxc7 Rb8 16. d5 b6 17. Nb5 Qg5 18. Nxa7 Bb7 19. Nc6 Nxc6 20. dxc6 Bxc6
21. Bg3 Rbe8 22. a4 Be4 23. Bb5 Rc8 24. Qd4 d5 25. Rf2 Rc1+ 26. Rxc1 Qxc1+ 27.
Rf1 Qg5 28. Rf2 f5 29. Bd6 Rc8 30. Bf1 Rc6 31. Bb4 Nf4 32. Qe3 Ne6 33. Qxg5
Nxg5 34. Bb5 Rg6 35. Kf1 Ne6 36. Bc3 Nc7 37. Bd7 d4 38. Bd2 Ne6 39. Bb5 Kf7 40.
Bc4 Ke7 41. Bb4+ Nc5 42. a5 Kd6 43. a6 Kc7 44. Rd2 Rd6 45. Rd1 g5 46. Bd2 h6
47. h4 Bd5 48. Bb5 f4 49. b4 Ne4 50. Be1 Kb8 51. hxg5 hxg5 52. Kg1 Bb3 53. Rd3
Be6 54. Rd1 Bf5 55. Bd3 Nc3 56. Rd2 Bxd3 57. Rxd3 Ne4 58. Bf2 Nxf2 59. Kxf2 Ka7
60. b5 Rd5 61. Rb3 d3 62. Ke1 g4 63. Rb2 f3 64. gxf3 gxf3 65. Rf2 Rxb5 66. Rxf3
Rd5 67. Kd2 Kxa6 68. Rf1 b5 69. Ra1+ Kb6 70. Rb1 Kc5 71. Rc1+ Kb4 72. Ra1 Kb3
73. Rb1+ Ka3 0-1

[Event "7MCR_4D_1L_1S"]
[Site "?"]
[Date "2006.??.??"]
[Round "?"]
[White "Pytlik, Lesek"]
[Black "Tomecek, Jan"]
[Result "1/2-1/2"]
[WhiteElo "2387"]
[BlackElo "2310"]
[PlyCount "62"]
[EventDate "2006.??.??"]
[EventType "corr"]

1. e4 c5 2. Nf3 d6 3. d4 cxd4 4. Nxd4 Nf6 5. Nc3 a6 6. Bg5 e6 7. f4 Nbd7 8. Qf3
Qc7 9. O-O-O b5 10. Bd3 Bb7 11. Rhe1 Be7 12. Qg3 b4 13. Nd5 exd5 14. exd5 Kd8
15. Nc6+ Bxc6 16. dxc6 Qxc6 17. Bxf6 Bxf6 18. Be4 Qa4 19. Bxa8 Qxa2 20. Rxd6
Qxb2+ 21. Kd1 Qb1+ 22. Ke2 Qxc2+ 23. Kf1 Qc4+ 24. Rd3 Re8 25. Red1 Kc7 26. Bd5
Qb5 27. Rc1+ Bc3 28. Kg1 Re1+ 29. Rxe1 Bxe1 30. Qf3 f5 31. Bb3 Qb6+ 1/2-1/2

[Event "7MCR_4D_1L_1S"]
[Site "?"]
[Date "2006.??.??"]
[Round "?"]
[White "Pytlik, Lesek"]
[Black "Zimniok, Lubomir"]
[Result "1-0"]
[WhiteElo "2387"]
[BlackElo "2200"]
[PlyCount "117"]
[EventDate "2006.??.??"]
[EventType "corr"]

1. e4 c5 2. Nf3 d6 3. d4 cxd4 4. Nxd4 Nf6 5. Nc3 g6 6. Be3 Bg7 7. f3 O-O 8. Qd2
Nc6 9. O-O-O d5 10. exd5 Nxd5 11. Nxc6 bxc6 12. Bd4 e5 13. Bc5 Be6 14. Ne4 Re8
15. h4 h5 16. Bc4 Nf4 17. Qc3 Bd5 18. Rhg1 Ne6 19. g4 hxg4 20. Rxg4 Nxc5 21.
Bxd5 cxd5 22. Qxc5 d4 23. h5 Qb6 24. Rg2 Re6 25. Rh1 Rb8 26. b3 gxh5 27. Rxh5
Qxc5 28. Nxc5 Rg6 29. Rxg6 fxg6 30. Rh3 Rc8 31. Ne4 Bf8 32. Kd2 Bb4+ 33. Kd3
Kg7 34. Rg3 a5 35. Rg5 Re8 36. a4 Kh6 37. Rg2 Kg7 38. Nf2 Rc8 39. Ng4 Bd6 40.
Ke4 Rc5 41. Re2 Kf7 42. Nf2 Ke6 43. Nd3 Rc7 44. Rg2 Kf6 45. Rh2 Rc8 46. Nb2 Rf8
47. Rh6 Kg7 48. Rh3 Bb8 49. Nc4 Rf4+ 50. Kd5 d3 51. c3 Bc7 52. Nd2 Bd8 53. Rh1
Bf6 54. Re1 Bg5 55. Rd1 Bh6 56. Kxe5 g5 57. Kd5 Kf8 58. Kc6 Bg7 59. c4 1-0

[Event "7MCR_4D_1L_1S"]
[Site "?"]
[Date "2006.??.??"]
[Round "?"]
[White "Tomecek, Jan"]
[Black "Hala, Martin"]
[Result "1/2-1/2"]
[WhiteElo "2310"]
[BlackElo "2368"]
[PlyCount "43"]
[EventDate "2006.??.??"]
[EventType "corr"]

1. d4 Nf6 2. c4 g6 3. Nc3 Bg7 4. e4 d6 5. Be2 O-O 6. Nf3 e5 7. O-O Nc6 8. d5
Ne7 9. b4 Nh5 10. Re1 f5 11. Ng5 Nf6 12. f3 Kh8 13. Be3 Bh6 14. Nf7+ Rxf7 15.
Bxh6 f4 16. g4 a5 17. b5 b6 18. Kg2 Nfg8 19. Bg5 h6 20. Bh4 g5 21. Bf2 h5 22.
h3 1/2-1/2

[Event "7MCR_4D_1L_1S"]
[Site "?"]
[Date "2006.??.??"]
[Round "?"]
[White "Tomecek, Jan"]
[Black "Hybl, Vladislav"]
[Result "1-0"]
[WhiteElo "2310"]
[BlackElo "2303"]
[PlyCount "81"]
[EventDate "2006.??.??"]
[EventType "corr"]

1. d4 Nf6 2. c4 g6 3. Nc3 d5 4. Nf3 Bg7 5. cxd5 Nxd5 6. e4 Nxc3 7. bxc3 c5 8.
Rb1 O-O 9. Be2 Nc6 10. d5 Ne5 11. Nxe5 Bxe5 12. Qd2 e6 13. f4 Bc7 14. O-O exd5
15. exd5 Re8 16. c4 Ba5 17. Qc2 Qf6 18. Bb2 Qe7 19. Bd3 Qe3+ 20. Kh1 Qd2 21.
Be5 b6 22. Qb3 Bg4 23. Rb2 Qe3 24. h3 Bd7 25. Rbf2 Qg3 26. Ba1 Re1 27. Rf3 Qh4
28. Qb2 Rxa1 29. Rxa1 Re8 30. Qf2 Qf6 31. Rf1 a6 32. Rb1 h6 33. Re3 Rxe3 34.
Qxe3 Bc3 35. f5 g5 36. Qg3 Bxf5 37. Rf1 Be5 38. Qe1 Bf4 39. Bxf5 Qxf5 40. d6
Kg7 41. Qe2 1-0

[Event "7MCR_4D_1L_1S"]
[Site "?"]
[Date "2006.??.??"]
[Round "?"]
[White "Tomecek, Jan"]
[Black "Leiner, Raimund"]
[Result "1/2-1/2"]
[WhiteElo "2310"]
[BlackElo "2317"]
[PlyCount "42"]
[EventDate "2006.??.??"]
[EventType "corr"]

1. d4 Nf6 2. c4 e6 3. Nf3 b6 4. g3 Bb7 5. Bg2 Be7 6. Nc3 O-O 7. O-O Ne4 8. Bd2
f5 9. d5 Bf6 10. Rc1 Na6 11. Be1 c5 12. dxc6 dxc6 13. Qb3 Nd6 14. Na4 c5 15.
Bc3 Qe7 16. Bxf6 Qxf6 17. Qc3 Qe7 18. a3 Rad8 19. Ne5 Bxg2 20. Kxg2 Nb8 21. f3
Qe8 1/2-1/2

[Event "7MCR_4D_1L_1S"]
[Site "?"]
[Date "2006.??.??"]
[Round "?"]
[White "Tomecek, Jan"]
[Black "Lounek, Jan"]
[Result "1/2-1/2"]
[WhiteElo "2310"]
[BlackElo "2422"]
[PlyCount "59"]
[EventDate "2006.??.??"]
[EventType "corr"]

1. d4 d5 2. Nf3 Nf6 3. c4 e6 4. Nc3 Be7 5. Bf4 O-O 6. e3 c5 7. dxc5 Bxc5 8. a3
Nc6 9. Qc2 Qa5 10. O-O-O Be7 11. Kb1 Rd8 12. Nd2 dxc4 13. Bxc4 Qf5 14. Nde4
Rxd1+ 15. Rxd1 Nxe4 16. Nxe4 e5 17. Bg3 Be6 18. Bxe6 Qxe6 19. Nc5 Bxc5 20. Qxc5
Qe8 21. Rd5 f6 22. Qc4 Kh8 23. f3 Rc8 24. Qd3 a6 25. Bf2 f5 26. e4 fxe4 27.
Qxe4 Rd8 28. Rxd8 Qxd8 29. Kc2 h6 30. h4 1/2-1/2

[Event "7MCR_4D_1L_1S"]
[Site "?"]
[Date "2006.??.??"]
[Round "?"]
[White "Tomecek, Jan"]
[Black "Mateka, Petr"]
[Result "1/2-1/2"]
[WhiteElo "2310"]
[BlackElo "2202"]
[PlyCount "90"]
[EventDate "2006.??.??"]
[EventType "corr"]

1. d4 Nf6 2. c4 e6 3. Nc3 Bb4 4. Qc2 O-O 5. a3 Bxc3+ 6. Qxc3 d6 7. Bg5 Re8 8.
e3 e5 9. Bd3 exd4 10. Qxd4 Nbd7 11. Ne2 Ne5 12. O-O h6 13. Bh4 Bg4 14. f3 Bd7
15. Rad1 Qe7 16. Qc3 a5 17. Bb1 a4 18. c5 Ra6 19. cxd6 Rxd6 20. Nd4 Rb6 21. b4
Nd5 22. Qe1 Nf6 23. Qc3 Nd5 24. Qe1 Nf6 25. Rc1 Nc6 26. Nxc6 Bxc6 27. e4 Bb5
28. Rf2 Rd6 29. Bg3 Rc6 30. Rxc6 Bxc6 31. Rd2 Nh5 32. Bh4 Qe5 33. Bf2 Nf4 34.
Bd4 Qe7 35. Qg3 g5 36. Be3 Qe5 37. Bxf4 Qxf4 38. Qxf4 gxf4 39. Kf2 Kf8 40. g3
fxg3+ 41. hxg3 Ke7 42. Ke3 Bd7 43. g4 Rc8 44. Rb2 b6 45. Bd3 Be6 1/2-1/2

[Event "7MCR_4D_1L_1S"]
[Site "?"]
[Date "2006.??.??"]
[Round "?"]
[White "Tomecek, Jan"]
[Black "Pecka, Josef"]
[Result "1-0"]
[WhiteElo "2310"]
[BlackElo "2261"]
[PlyCount "99"]
[EventDate "2006.??.??"]
[EventType "corr"]

1. d4 Nf6 2. c4 e6 3. Nc3 Bb4 4. Qc2 O-O 5. a3 Bxc3+ 6. Qxc3 h6 7. Nf3 b6 8. e3
Bb7 9. Be2 a5 10. b3 d6 11. O-O Ne4 12. Qc2 Nd7 13. Bb2 f5 14. Rad1 Qe7 15. Ne1
Nef6 16. Nd3 e5 17. b4 axb4 18. axb4 c5 19. Rfe1 Rfc8 20. Qc3 Ra7 21. Bf1 Qe6
22. b5 Ne4 23. Qc2 Nef6 24. Qc3 Ne4 25. Qc2 Rca8 26. f3 Nef6 27. d5 Qe8 28. Nf2
Ra2 29. Ra1 Rxa1 30. Bxa1 e4 31. fxe4 fxe4 32. g3 Ne5 33. Bg2 Qh5 34. Bxe5 Qxe5
35. Nxe4 Nxe4 36. Qxe4 Qxe4 37. Bxe4 Bc8 38. Bg6 Bd7 39. e4 Kf8 40. Rf1+ Kg8
41. h4 Be8 42. h5 Bxg6 43. hxg6 Ra3 44. Kg2 Re3 45. Rf4 Re1 46. Kf2 Rc1 47. Rf7
Rxc4 48. e5 Rg4 49. Rb7 Kf8 50. exd6 1-0

[Event "7MCR_4D_1L_1S"]
[Site "?"]
[Date "2006.??.??"]
[Round "?"]
[White "Tomecek, Jan"]
[Black "Zimniok, Lubomir"]
[Result "1-0"]
[WhiteElo "2310"]
[BlackElo "2200"]
[PlyCount "81"]
[EventDate "2006.??.??"]
[EventType "corr"]

1. d4 Nf6 2. c4 d6 3. Nc3 g6 4. e4 Bg7 5. Be2 O-O 6. Nf3 e5 7. O-O Nc6 8. d5
Ne7 9. b4 a5 10. Ba3 axb4 11. Bxb4 b6 12. a4 Bd7 13. a5 bxa5 14. Bxa5 Qb8 15.
Qc2 c6 16. Rfb1 Qc8 17. dxc6 Nxc6 18. Bb6 Nd8 19. Nd5 Nxd5 20. Rxa8 Qxa8 21.
cxd5 f5 22. Qc7 fxe4 23. Qxd7 exf3 24. Bxf3 Nf7 25. Be3 Bf6 26. Bg4 Qd8 27. Qc6
Bg5 28. Ba7 Qa5 29. Bb6 Qa3 30. Be6 Kg7 31. Qd7 Bd2 32. h4 Qd3 33. Rf1 h5 34.
Be3 Qc3 35. Qe7 e4 36. Qa7 Kg8 37. Bd4 Qd3 38. Rd1 Qc2 39. Ra1 Bh6 40. Qe7 Bg7
41. Ra8 1-0

[Event "7MCR_4D_1L_1S"]
[Site "?"]
[Date "2006.??.??"]
[Round "?"]
[White "Trs, Jan"]
[Black "Hala, Martin"]
[Result "1/2-1/2"]
[WhiteElo "2252"]
[BlackElo "2368"]
[PlyCount "52"]
[EventDate "2006.??.??"]
[EventType "corr"]

1. d4 Nf6 2. c4 g6 3. Nc3 Bg7 4. e4 d6 5. Nf3 O-O 6. Be2 e5 7. O-O Nc6 8. d5
Ne7 9. Nd2 a5 10. a3 Bd7 11. b3 c6 12. Ra2 Qb6 13. Ndb1 c5 14. Rb2 Qc7 15. b4
axb4 16. axb4 b6 17. bxc5 bxc5 18. Qd3 Rfb8 19. Nb5 Bxb5 20. cxb5 Nd7 21. Qh3
f5 22. f3 Ra1 23. Bg5 Bf6 24. Bd2 Rba8 25. Nc3 Rxf1+ 26. Bxf1 Nb6 1/2-1/2

[Event "7MCR_4D_1L_1S"]
[Site "?"]
[Date "2006.??.??"]
[Round "?"]
[White "Trs, Jan"]
[Black "Hybl, Vladislav"]
[Result "0-1"]
[WhiteElo "2252"]
[BlackElo "2303"]
[PlyCount "97"]
[EventDate "2006.??.??"]
[EventType "corr"]

1. e4 c5 2. Nf3 Nc6 3. Bb5 e6 4. O-O Nge7 5. c3 a6 6. Ba4 b5 7. Bc2 Bb7 8. d4
cxd4 9. Nxd4 Qc7 10. Nb3 Ng6 11. f4 Be7 12. Be3 O-O 13. N1d2 b4 14. Nc4 bxc3
15. bxc3 Na7 16. Nb6 Rab8 17. Nxd7 Rbd8 18. Bb6 Qxd7 19. Qxd7 Rxd7 20. Bxa7
Bxe4 21. Bxe4 Rxa7 22. Rac1 Rc7 23. f5 exf5 24. Rxf5 Bf6 25. Ra5 Nf4 26. Bf3
Nd3 27. Rb1 Rxc3 28. Rxa6 Bg5 29. Kf1 Be3 30. Be4 g6 31. Bxd3 Rxd3 32. Rc6 Rd5
33. Rf6 Rc8 34. Re1 Ba7 35. a4 Rd3 36. Rf3 Rxf3+ 37. gxf3 Rc3 38. Nd2 Be3 39.
Nb1 Rb3 40. a5 Kg7 41. h4 Bf4 42. a6 Bb8 43. Nd2 Ra3 44. Re8 Bf4 45. Nb3 Rxa6
46. Re4 Bd6 47. Nd4 Ra1+ 48. Kg2 Ra2+ 49. Kf1 0-1

[Event "7MCR_4D_1L_1S"]
[Site "?"]
[Date "2006.??.??"]
[Round "?"]
[White "Trs, Jan"]
[Black "Leiner, Raimund"]
[Result "0-1"]
[WhiteElo "2252"]
[BlackElo "2317"]
[PlyCount "76"]
[EventDate "2006.??.??"]
[EventType "corr"]

1. d4 Nf6 2. c4 e6 3. Nc3 Bb4 4. Qc2 O-O 5. a3 Bxc3+ 6. Qxc3 b6 7. Bg5 Bb7 8.
e3 d6 9. f3 Nbd7 10. Bd3 e5 11. Ne2 h6 12. Bh4 g5 13. dxe5 dxe5 14. Bg3 e4 15.
fxe4 Nc5 16. O-O-O Nxd3+ 17. Rxd3 Qe7 18. e5 Ne4 19. Qc2 Rad8 20. Rhd1 Rxd3 21.
Rxd3 Nxg3 22. Nxg3 Qxe5 23. Qd2 Qe6 24. b3 Qe5 25. Kb1 h5 26. Ka2 h4 27. Nh5
Kh7 28. g4 f5 29. Rd7+ Kh6 30. Nf4 fxg4 31. Nd3 Qf6 32. Nb2 g3 33. hxg3 hxg3
34. Qd3 Rf7 35. Rd4 Qe6 36. e4 Qe5 37. Nd1 g2 38. Qe3 Qh2 0-1

[Event "7MCR_4D_1L_1S"]
[Site "?"]
[Date "2006.??.??"]
[Round "?"]
[White "Trs, Jan"]
[Black "Lounek, Jan"]
[Result "0-1"]
[WhiteElo "2252"]
[BlackElo "2422"]
[PlyCount "110"]
[EventDate "2006.??.??"]
[EventType "corr"]

1. c4 e5 2. Nc3 Nf6 3. Nf3 Nc6 4. g3 Bb4 5. Bg2 O-O 6. O-O e4 7. Ng5 Bxc3 8.
bxc3 Re8 9. f3 e3 10. dxe3 b6 11. e4 h6 12. Nh3 d6 13. Nf2 Qe7 14. Qc2 Qe6 15.
c5 bxc5 16. f4 Bd7 17. e5 dxe5 18. f5 Qc4 19. Qd3 Qxd3 20. Nxd3 c4 21. Nc5 e4
22. Rf4 Ne5 23. Be3 Rab8 24. Nxe4 Nd5 25. Bxa7 Rb2 26. Rff1 Rxe2 27. Bd4 Ne3
28. Bxe3 Rxe3 29. a3 Bc6 30. Rae1 Rxe1 31. Rxe1 Nd3 32. Re3 Kf8 33. h3 Nc5 34.
Nxc5 Rxe3 35. Bxc6 Rxg3+ 36. Kf2 Rxc3 37. a4 Ra3 38. Ke2 Ke7 39. Ne4 Rxh3 40.
Nd2 c3 41. Nf3 Kd6 42. Be4 Kc5 43. Kf2 Kb4 44. Bc2 Rh1 45. Ne1 h5 46. Nd3+ Kc4
47. Ne5+ Kd4 48. Nf3+ Kc5 49. Bd3 h4 50. Bc2 h3 51. Be4 Rc1 52. Ke2 Ra1 53. Bc2
Kb4 54. Be4 Kb3 55. a5 h2 0-1

[Event "7MCR_4D_1L_1S"]
[Site "?"]
[Date "2006.??.??"]
[Round "?"]
[White "Trs, Jan"]
[Black "Mateka, Petr"]
[Result "0-1"]
[WhiteElo "2252"]
[BlackElo "2202"]
[PlyCount "104"]
[EventDate "2006.??.??"]
[EventType "corr"]

1. c4 Nf6 2. Nc3 e6 3. e4 d5 4. e5 d4 5. exf6 dxc3 6. bxc3 gxf6 7. d4 c5 8. Nf3
Rg8 9. Rb1 Nc6 10. Qa4 Qa5 11. Qxa5 Nxa5 12. Bd3 Rxg2 13. Bf4 Rg4 14. Be3 Bd7
15. h3 Rg7 16. Bh6 Rg8 17. Bxh7 Bc6 18. Ke2 cxd4 19. Bxg8 d3+ 20. Kxd3 Bxf3 21.
Bxf8 Rd8+ 22. Ke3 Bxh1 23. Bg7 Nxc4+ 24. Kf4 e5+ 25. Kf5 Bc6 26. Bxf6 Rd3 27.
Kg5 Rxh3 28. Rd1 Kf8 29. Rd8+ Be8 30. Kg4 Rh6 31. Kf5 Rh2 32. f3 Rh6 33. a4 a5
34. Rb8 Nd6+ 35. Kxe5 Kxg8 36. Rd8 Nc4+ 37. Kd4 Kf8 38. Bg5 Rg6 39. Bf4 Rc6 40.
Rb8 Nd6 41. Kd5 Ke7 42. c4 Rb6 43. Kc5 Nxc4 44. Bg5+ f6 45. Bxf6+ Kxf6 46. Rxe8
Rb4 47. Rf8+ Ke7 48. Rh8 b6+ 49. Kd5 Rxa4 50. Rh1 Rb4 51. Re1+ Kf6 52. Re4 Nd2
0-1

[Event "7MCR_4D_1L_1S"]
[Site "?"]
[Date "2006.??.??"]
[Round "?"]
[White "Trs, Jan"]
[Black "Pytlik, Lesek"]
[Result "0-1"]
[WhiteElo "2252"]
[BlackElo "2387"]
[PlyCount "114"]
[EventDate "2006.??.??"]
[EventType "corr"]

1. c4 e5 2. Nc3 Nf6 3. Nf3 Nc6 4. g3 Bb4 5. Bg2 O-O 6. O-O e4 7. Ng5 Bxc3 8.
bxc3 Re8 9. f3 e3 10. dxe3 b6 11. e4 h6 12. Nxf7 Kxf7 13. f4 Kg8 14. e5 Nh7 15.
f5 Qe7 16. f6 gxf6 17. exf6 Nxf6 18. Bxh6 Kh7 19. Bc1 Kg7 20. Qd2 Qc5+ 21. Kh1
Qh5 22. Qf4 Qg6 23. Rb1 Ba6 24. Rb5 Bxb5 25. cxb5 Na5 26. c4 Re4 27. Qh6+ Qxh6
28. Bxh6+ Kg6 29. Rxf6+ Kxf6 30. Bxe4 Rh8 31. Bd2 Nxc4 32. Bc3+ Ne5 33. g4 Rd8
34. g5+ Ke6 35. Bh7 d5 36. h4 d4 37. Be1 Rd7 38. Be4 d3 39. exd3 Nxd3 40. Bg3
Nf4 41. Bc2 Rd2 42. Bh7 Nh5 43. Bxc7 Rd7 44. Bg8+ Kf5 45. Bh2 Rd4 46. Bh7+ Kg4
47. Bc2 Kf3 48. Kg1 Rd2 49. Bb3 Rg2+ 50. Kh1 Ng3+ 51. Bxg3 Kxg3 52. Bc4 Rh2+
53. Kg1 Rxh4 54. Be2 Rh2 55. Bf1 Rh5 56. g6 Kf3 57. Bc4 Rg5+ 0-1

[Event "7MCR_4D_1L_1S"]
[Site "?"]
[Date "2006.??.??"]
[Round "?"]
[White "Trs, Jan"]
[Black "Tomecek, Jan"]
[Result "0-1"]
[WhiteElo "2252"]
[BlackElo "2310"]
[PlyCount "112"]
[EventDate "2006.??.??"]
[EventType "corr"]

1. d4 d5 2. c4 c6 3. cxd5 cxd5 4. Nc3 Nf6 5. Nf3 Nc6 6. Bf4 Nh5 7. Bd2 Nf6 8.
Rc1 a6 9. Qb3 e6 10. e3 Na5 11. Qc2 b5 12. Bd3 Nc4 13. O-O Bb7 14. Be1 Bd6 15.
Qe2 O-O 16. Nb1 Ne4 17. Rc2 f5 18. b3 Na5 19. Ne5 Bxe5 20. dxe5 Nc6 21. f4 d4
22. Rc1 Qb6 23. Na3 Rad8 24. Nc2 dxe3 25. Bxe4 fxe4 26. Qxe3 Qxe3+ 27. Nxe3 Rd3
28. Rc3 Nd4 29. Rf2 a5 30. Rxd3 exd3 31. Bxa5 Ra8 32. b4 Rc8 33. Rd2 Ne2+ 34.
Kf2 Nxf4 35. Bb6 Rc1 36. Rd1 Rc3 37. Bc5 h5 38. Kg3 g5 39. Be7 Ne2+ 40. Kf2 g4
41. Rd2 Kf7 42. Bc5 Ra3 43. Nd1 h4 44. Ke3 g3 45. hxg3 Nxg3 46. Kf4 Ne4 47. Rb2
Kg6 48. Kg4 Bd5 49. Be3 d2 50. Kf4 h3 51. gxh3 Kh5 52. Rc2 Kh4 53. Bxd2 Nxd2
54. Rc3 Nb1 55. Rxa3 Nxa3 56. Nc3 Bc4 0-1

[Event "7MCR_4D_1L_1S"]
[Site "?"]
[Date "2006.??.??"]
[Round "?"]
[White "Zimniok, Lubomir"]
[Black "Hostinsky, Jiri"]
[Result "1/2-1/2"]
[WhiteElo "2200"]
[BlackElo "2403"]
[PlyCount "80"]
[EventDate "2006.??.??"]
[EventType "corr"]

1. e4 c5 2. Nf3 Nc6 3. d4 cxd4 4. Nxd4 Nf6 5. Nc3 d6 6. Bg5 e6 7. Qd2 Be7 8.
O-O-O O-O 9. f4 Nxd4 10. Qxd4 Qa5 11. Bc4 Bd7 12. Bxf6 Bxf6 13. e5 Be7 14. exd6
Bf6 15. Qd3 Bxc3 16. Qxc3 Qxc3 17. bxc3 Rfc8 18. Rd4 b5 19. Bd3 Rxc3 20. Kb2
Rac8 21. Re1 f6 22. Be4 a5 23. a3 Kf7 24. Rd2 g6 25. Bd5 R3c5 26. Bb3 h5 27. g3
Rd8 28. h3 f5 29. Rde2 Re8 30. c3 Kf6 31. Re5 Rxe5 32. fxe5+ Kg5 33. h4+ Kg4
34. Re3 Rc8 35. Kc1 f4 36. Bd1+ Kh3 37. gxf4+ Kxh4 38. Kd2 Rf8 39. Re1 Rxf4 40.
Rg1 b4 1/2-1/2

[Event "7MCR_4D_1L_1S"]
[Site "?"]
[Date "2006.??.??"]
[Round "?"]
[White "Zimniok, Lubomir"]
[Black "Mezera, Lukas"]
[Result "1/2-1/2"]
[WhiteElo "2200"]
[BlackElo "2284"]
[PlyCount "78"]
[EventDate "2006.??.??"]
[EventType "corr"]

1. e4 c5 2. Nf3 d6 3. d4 cxd4 4. Qxd4 Nc6 5. Bb5 Bd7 6. Bxc6 Bxc6 7. c4 f5 8.
exf5 Qa5+ 9. Nc3 Qxf5 10. O-O Nf6 11. Re1 Bxf3 12. gxf3 e5 13. Qd1 Be7 14. Nd5
Nxd5 15. Qxd5 O-O-O 16. Re3 Rhf8 17. Ra3 a6 18. Rxa6 Qxf3 19. Qxf3 Rxf3 20.
Ra8+ Kc7 21. Rxd8 Bxd8 22. Be3 Bf6 23. Re1 Kc6 24. b3 e4 25. Kg2 Bc3 26. Rd1
Rf5 27. Bd4 Bb4 28. Be3 g6 29. Rd4 Re5 30. Bf4 Re6 31. Rd1 Bc5 32. Re1 g5 33.
Be3 Bxe3 34. Rxe3 b5 35. cxb5+ Kxb5 36. f3 d5 37. fxe4 dxe4 38. Rg3 h6 39. Kf2
Ra6 1/2-1/2

[Event "7MCR_4D_1L_1S"]
[Site "?"]
[Date "2006.??.??"]
[Round "?"]
[White "Zimniok, Lubomir"]
[Black "Necesany, Zdenek"]
[Result "1-0"]
[WhiteElo "2200"]
[BlackElo "2190"]
[PlyCount "97"]
[EventDate "2006.??.??"]
[EventType "corr"]

1. e4 e5 2. Nf3 Nc6 3. Bb5 a6 4. Bxc6 dxc6 5. O-O f6 6. d4 exd4 7. Nxd4 c5 8.
Ne2 Qxd1 9. Rxd1 Bd7 10. Nbc3 O-O-O 11. Be3 Re8 12. Rd2 Bc6 13. Rad1 b6 14. f3
Ne7 15. Nf4 Ng6 16. Ncd5 Ne5 17. b3 a5 18. c4 a4 19. Kf2 Kb7 20. h3 h5 21. g3
Bd6 22. Kg2 axb3 23. axb3 Ra8 24. Ne6 Ra3 25. Rb1 g5 26. Re2 g4 27. fxg4 Bd7
28. Ng7 hxg4 29. h4 Rh7 30. Nf5 Bxf5 31. exf5 Rh5 32. Rf2 Nd7 33. Bc1 Ra8 34.
Bb2 Re8 35. Rd1 Rh6 36. Rdd2 Be5 37. Rfe2 Rhh8 38. Bxe5 Rxe5 39. Rxe5 fxe5 40.
Nc3 Nf6 41. Re2 e4 42. Nxe4 Re8 43. Nc3 Rxe2+ 44. Nxe2 Kc6 45. Nf4 Kd6 46. Ng6
Ng8 47. Kf2 Nh6 48. Ke3 Nxf5+ 49. Kf4 1-0

[Event "7MCR_4D_1L_1S"]
[Site "?"]
[Date "2006.??.??"]
[Round "?"]
[White "Zimniok, Lubomir"]
[Black "Nedoma, Petr"]
[Result "0-1"]
[WhiteElo "2200"]
[BlackElo "2298"]
[PlyCount "64"]
[EventDate "2006.??.??"]
[EventType "corr"]

1. e4 c6 2. Nc3 d5 3. Qf3 d4 4. Bc4 e6 5. Nce2 c5 6. Qg3 Nf6 7. d3 Nc6 8. Bd2
h5 9. h4 a6 10. Nf3 b5 11. Bb3 c4 12. e5 cxb3 13. exf6 gxf6 14. axb3 e5 15. O-O
Bg4 16. Rfe1 Be7 17. Nh2 f5 18. Nxg4 hxg4 19. Bg5 f6 20. Bd2 Qd5 21. Qh2 f4 22.
h5 Rh7 23. h6 O-O-O 24. Nxf4 exf4 25. Qxf4 Kb7 26. Qxg4 f5 27. Qh5 Rg8 28. g3
Bf8 29. c3 dxc3 30. bxc3 Bxh6 31. Bxh6 Rgh8 32. Qh1 Qd7 0-1

[Event "7MCR_4D_1L_1S"]
[Site "?"]
[Date "2006.??.??"]
[Round "?"]
[White "Zimniok, Lubomir"]
[Black "Pecka, Josef"]
[Result "0-1"]
[WhiteElo "2200"]
[BlackElo "2261"]
[PlyCount "74"]
[EventDate "2006.??.??"]
[EventType "corr"]

1. e4 c5 2. Nf3 d6 3. d4 cxd4 4. Nxd4 Nf6 5. Nc3 a6 6. Bc4 e6 7. Bb3 b5 8. O-O
Be7 9. Qf3 Qc7 10. Qg3 O-O 11. Re1 Kh8 12. Bg5 b4 13. Na4 Bb7 14. f3 Nbd7 15.
Bd2 Rab8 16. c3 bxc3 17. Rac1 Qd8 18. Bxc3 Ne5 19. Red1 Nh5 20. Qe1 Bh4 21. g3
Qg5 22. Rc2 Qg6 23. Qf1 Bg5 24. Re1 Be7 25. Ba5 f5 26. exf5 exf5 27. Rg2 Rbe8
28. Nc3 f4 29. g4 Nf6 30. Bc2 Qg5 31. Ba4 Nfxg4 32. Bxe8 Nxf3+ 33. Nxf3 Qc5+
34. Kh1 Ne3 35. Qf2 Rxe8 36. Nd1 Qxa5 37. b4 Qxb4 0-1

[Event "7MCR_4D_1L_1S"]
[Site "?"]
[Date "2006.??.??"]
[Round "?"]
[White "Zimniok, Lubomir"]
[Black "Trs, Jan"]
[Result "1/2-1/2"]
[WhiteElo "2200"]
[BlackElo "2252"]
[PlyCount "82"]
[EventDate "2006.??.??"]
[EventType "corr"]

1. e4 c6 2. Nc3 d5 3. Qf3 dxe4 4. Nxe4 Nd7 5. d4 Ngf6 6. Bc4 Nb6 7. Bd3 Qxd4 8.
Ne2 Qe5 9. O-O Nbd5 10. Nxf6+ Nxf6 11. h3 g5 12. Bd2 g4 13. hxg4 Bxg4 14. Qf4
Qxf4 15. Nxf4 h5 16. Bc3 Bg7 17. f3 Bd7 18. Rae1 h4 19. Rf2 Kf8 20. Bb4 Re8 21.
Rfe2 Ng8 22. Rd1 Rh6 23. c3 b6 24. Bc2 Rd8 25. Bf5 Ke8 26. Red2 Nf6 27. c4 e6
28. Bc2 e5 29. Nh3 Rh5 30. Nf4 Rg5 31. Nh3 Rg3 32. Bc3 Bh6 33. Bxe5 Bxd2 34.
Rxd2 Nh5 35. Bc7 Rc8 36. Bxg3 Nxg3 37. Ng5 f6 38. Nh7 Ke7 39. Nxf6 Be6 40. Ne4
Nxe4 41. Bxe4 Bxc4 1/2-1/2

[Event "7MCR_4D_1L_2S"]
[Site "?"]
[Date "2006.??.??"]
[Round "?"]
[White "Batka, Josef"]
[Black "Bednarik, Radovan"]
[Result "1-0"]
[WhiteElo "2260"]
[BlackElo "2201"]
[PlyCount "137"]
[EventDate "2006.??.??"]
[EventType "corr"]

1. e4 e5 2. Nc3 Nc6 3. Bc4 Nf6 4. d3 Na5 5. Nge2 Nxc4 6. dxc4 Bc5 7. O-O d6 8.
Qd3 Be6 9. Bg5 c6 10. Na4 h6 11. Bh4 g5 12. Bg3 Qa5 13. Nxc5 Qxc5 14. Qf3 Nd7
15. b3 h5 16. h4 O-O-O 17. Rfd1 Rdg8 18. Rd2 gxh4 19. Bxh4 Rg6 20. Rad1 Rhg8
21. Rxd6 Rg4 22. Be7 Qb6 23. Kf1 h4 24. c3 Rxg2 25. Bxh4 R2g4 26. Be7 Qc7 27.
R1d2 R4g7 28. Ng3 Re8 29. Qh5 Bg4 30. Qh6 Rgg8 31. Qh7 Nc5 32. Bf6 Be6 33. Nf5
Nxe4 34. Ne7+ Kb8 35. Qxe4 Rxe7 36. Bxe7 Qxe7 37. Qh7 Re8 38. Qh6 Kc7 39. Ke2
b6 40. Kd1 Bd5 41. Rf6 Be6 42. Qg5 Kb7 43. Kc2 Rg8 44. Qxg8 Qxf6 45. Qd8 Qf4
46. Kb2 e4 47. Qe7+ Ka6 48. Qd6 Qxd6 49. Rxd6 Kb7 50. Rd4 f5 51. Rd6 Bc8 52.
Kc2 Kc7 53. Rh6 a6 54. Kd2 f4 55. Rf6 e3+ 56. fxe3 fxe3+ 57. Kxe3 c5 58. b4 a5
59. a3 axb4 60. cxb4 cxb4 61. axb4 Bd7 62. Rf7 Kd6 63. Rxd7+ Kxd7 64. Kf4 Kd6
65. Kf5 Ke7 66. Ke5 Kd7 67. Kd5 Kc7 68. c5 bxc5 69. Kxc5 1-0

[Event "7MCR_4D_1L_2S"]
[Site "?"]
[Date "2006.??.??"]
[Round "?"]
[White "Batka, Josef"]
[Black "Dedina, Miroslav"]
[Result "0-1"]
[WhiteElo "2260"]
[BlackElo "2302"]
[PlyCount "102"]
[EventDate "2006.??.??"]
[EventType "corr"]

1. e4 e6 2. d4 d5 3. e5 c5 4. c3 Qb6 5. Nf3 cxd4 6. cxd4 Nc6 7. Nc3 Bd7 8. a3
Nge7 9. Na4 Qc7 10. Bd3 Nf5 11. Bxf5 exf5 12. O-O Be7 13. Bg5 Be6 14. Rc1 O-O
15. b4 Qd8 16. Bxe7 Qxe7 17. Nc5 Rfc8 18. Nd3 g5 19. b5 Na5 20. Nb4 Nc4 21. Qd3
Nb2 22. Qb3 Nc4 23. Qa2 f4 24. Nd2 Qd7 25. a4 Qe7 26. Nd3 b6 27. h4 h6 28. Rfd1
a6 29. bxa6 Rxa6 30. Qb3 Rca8 31. Ra1 Ra5 32. hxg5 hxg5 33. Ra2 Bd7 34. Rda1
Qe6 35. Qc3 Nxd2 36. Qxd2 Qg6 37. Ne1 Kg7 38. Qb4 g4 39. Ra3 Qh6 40. R1a2 Rh8
41. Kf1 Qg6 42. Ke2 Qe4+ 43. Kd1 Rh1 44. Re2 Rxa4 45. Rxe4 Rxb4 46. Rxf4 Rb1+
47. Kd2 Rhxe1 48. Ra7 Be6 49. Rf6 g3 50. f3 Rbd1+ 51. Kc3 Ra1 0-1